[Event "CZE-chT1W 1920"]
[Site "Czech Republic"]
[Date "2020.01.19"]
[Round "6.5"]
[White "Bulockin, Martin"]
[Black "Pycha, Patrik"]
[Result "1-0"]
[WhiteElo "2104"]
[BlackElo "2042"]
[PlyCount "61"]
[EventDate "2019.10.20"]
[EventType "team-tourn"]
[EventRounds "11"]
[EventCountry "CZE"]
[SourceTitle "CBM 194 Extra"]
[Source "ChessBase"]
[SourceDate "2020.03.31"]
[SourceVersion "1"]
[SourceVersionDate "2020.03.31"]
[SourceQuality "1"]
[WhiteTeam "Polabiny II"]
[BlackTeam "Vlasim Spartak"]
[WhiteTeamCountry "CZE"]
[BlackTeamCountry "CZE"]

1. d4 Nf6 2. Bf4 d5 3. e3 c5 4. c3 Nc6 5. Nd2 Qb6 6. Qb3 c4 7. Qc2 e6 8. Ngf3 Be7 9. h3 Bd7 10. Be2 Qd8 11. 0-0 Nh5 12. Bh2 f5 13. Ne5 Nf6 14. f3 0-0 15. e4 fxe4 16. fxe4 Nxe5 17. Bxe5 Be8 18. Qd1 Bg6 19. Bg4 Nxe4 20. Bxe6+ Kh8 21. Nxe4 Bxe4 22. Rxf8+ Bxf8 23. Qg4 Qe8 24. Rf1 h5 25. Rxf8+ Qxf8 26. Qxh5+ Bh7 27. Bf7 Rd8 28. g4 Rd7 29. Bg6 Qg8 30. Bxh7 Qxh7 31. Qe8+ 1-0

[Event "Pardubice Czech op-B 30th"]
[Site "Pardubice"]
[Date "2019.07.24"]
[Round "6"]
[White "Pycha, Patrik"]
[Black "Oborny, Tomas"]
[Result "1/2-1/2"]
[WhiteElo "2050"]
[BlackElo "1907"]
[PlyCount "133"]
[EventDate "2019.07.19"]
[EventType "swiss"]
[EventRounds "9"]
[EventCountry "CZE"]
[SourceTitle "EXT 2020"]
[Source "ChessBase"]
[SourceDate "2019.10.17"]
[SourceVersion "1"]
[SourceVersionDate "2019.10.17"]
[SourceQuality "1"]

1. e4 c5 2. Nc3 d6 3. g3 e6 4. Bg2 Nc6 5. d3 g6 6. Be3 Bg7 7. Qd2 Rb8 8. Nge2 Nd4 9. 0-0 Qa5 10. Nc1 b5 11. a3 Ne7 12. Rb1 0-0 13. Nd5 Qd8 14. Nxe7+ Qxe7 15. c3 Nc6 16. Bh6 a5 17. Bxg7 Kxg7 18. Ne2 b4 19. f4 h6 20. f5 Kh7 21. f6 Qa7 22. Kh1 bxa3 23. bxa3 Ba6 24. c4 Rb6 25. Bh3 Rfb8 26. Rxb6 Qxb6 27. Nf4 Bc8 28. Qd1 Nd4 29. Nxg6 Qb3 30. Qg4 fxg6 31. f7 Bd7 32. f8Q Rxf8 33. Rxf8 Kg7 34. Qf4 Nf5 35. Bxf5 Qd1+ 36. Kg2 Qe2+ 37. Qf2 Qxf2+ 38. Kxf2 Kxf8 39. Bxg6 Kg7 40. Bh5 Kf6 41. Ke3 Kg5 42. Be2 e5 43. Kf2 Kf6 44. Kg2 Kg5 45. h3 Be6 46. Kh2 Bc8 47. Bd1 Bd7 48. Bf3 Be6 49. Bg2 Bd7 50. Bf1 Kf6 51. Bg2 Ba4 52. Bf3 Bd7 53. h4 Kg6 54. Bg2 Bg4 55. Bf1 Kf6 56. Kg2 Kg6 57. Kf2 Kf6 58. Be2 Bd7 59. Bh5 Be6 60. Kf3 Bd7 61. Bg4 Be8 62. Kg2 Ba4 63. Kh3 Kg6 64. Be2 Bd7+ 65. Kg2 Be6 66. Bd1 Bd7 67. Kf2 1/2-1/2

[Event "Pardubice Czech op-E 30th"]
[Site "Pardubice"]
[Date "2019.07.12"]
[Round "3.4"]
[White "Pycha, Patrik"]
[Black "Cerveny, Martin"]
[Result "1/2-1/2"]
[WhiteElo "2050"]
[BlackElo "2351"]
[PlyCount "156"]
[EventDate "2019.07.11"]
[EventType "team-swiss"]
[EventRounds "7"]
[EventCountry "CZE"]
[SourceTitle "EXT 2020"]
[Source "ChessBase"]
[SourceDate "2019.10.17"]
[SourceVersion "1"]
[SourceVersionDate "2019.10.17"]
[SourceQuality "1"]
[WhiteTeam "Vlasim Spartak"]
[BlackTeam "Brno Duras"]
[WhiteTeamCountry "CZE"]
[BlackTeamCountry "CZE"]

1. e4 c5 2. Nf3 d6 3. d4 cxd4 4. Nxd4 Nf6 5. Nc3 a6 6. h4 e5 7. Nb3 Be6 8. f4 exf4 9. Bxf4 Be7 10. h5 Nc6 11. Be2 0-0 12. Qd2 Ne5 13. Qd4 Qc7 14. 0-0-0 Rac8 15. Rd2 b5 16. Nd5 Bxd5 17. exd5 Nfd7 18. Qe4 f5 19. Qe3 Bf6 20. Nd4 Qa5 21. Kb1 Rfe8 22. Qa3 Qxa3 23. bxa3 Nc4 24. Bxc4 Rxc4 25. Ne6 Nb6 26. Bxd6 Nxd5 27. Rxd5 Rxe6 28. Bb4 Re2 29. c3 Rf4 30. Bc5 Bxc3 31. Rd8+ Kf7 32. Rf8+ Ke6 33. Re8+ Kd5 34. Rxe2 Kxc5 35. Rc2 b4 36. axb4+ Kxb4 37. a3+ Kb3 38. Rh3 Rc4 39. h6 g6 40. Rd3 Rc7 41. Rd6 a5 42. Rb6+ Kc4 43. Ka2 Kd3 44. Rc1 Kd2 45. Rbb1 a4 46. Rd1+ Ke2 47. Rbc1 f4 48. Re1+ Kd3 49. Red1+ Ke4 50. Rc2 Ke3 51. Rd5 Ke4 52. Rd8 g5 53. Re2+ Kf5 54. Rf8+ Bf6 55. Rd2 Rc6 56. Ra8 g4 57. Rxa4 g3 58. Ra7 Kg6 59. a4 Kxh6 60. a5 Kg6 61. Ra8 h5 62. a6 h4 63. a7 Ra6+ 64. Kb3 f3 65. gxf3 Kf7 66. Rd7+ Be7 67. Rh8 g2 68. Rd1 Bf6 69. a8Q Rxa8 70. Rxa8 h3 71. Ra2 Bd4 72. Kc4 g1Q 73. Rxg1 Bxg1 74. Ra8 Kg7 75. Ra5 Kg6 76. Ra8 Be3 77. Ra2 Bg1 78. Kd3 h2 1/2-1/2

[Event "Vsetin op 44th"]
[Site "Vsetin"]
[Date "2019.07.06"]
[Round "9"]
[White "Pycha, Patrik"]
[Black "Laurincova, Kristyna"]
[Result "1-0"]
[WhiteElo "2050"]
[BlackElo "1984"]
[PlyCount "125"]
[EventDate "2019.06.29"]
[EventType "swiss"]
[EventRounds "9"]
[EventCountry "CZE"]
[SourceTitle "CBM 191 Extra"]
[Source "ChessBase"]
[SourceDate "2019.09.30"]
[SourceVersion "1"]
[SourceVersionDate "2019.09.30"]
[SourceQuality "1"]

1. e4 c5 2. Nc3 Nc6 3. g3 g6 4. Bg2 Bg7 5. d3 d6 6. Nge2 Rb8 7. Be3 Nd4 8. 0-0 b5 9. a3 e6 10. b4 Ne7 11. Rb1 Nec6 12. Qd2 0-0 13. Nf4 Ne5 14. f3 f5 15. Nce2 fxe4 16. fxe4 Ng4 17. c3 Nxe2+ 18. Nxe2 Nxe3 19. Qxe3 Qb6 20. Rxf8+ Kxf8 21. Qf2+ Kg8 22. Rf1 cxb4 23. axb4 Qxf2+ 24. Kxf2 Kf7 25. Ke3+ Ke7 26. Nd4 Bd7 27. Ra1 e5 28. Nf3 Rb7 29. Ng1 Be6 30. Bh3 Bb3 31. Ra3 Bh6+ 32. Ke2 Bf7 33. Nf3 Bc1 34. Ra6 Rc7 35. Ra5 Be8 36. d4 Bb2 37. dxe5 dxe5 38. Nxe5 Bxc3 39. Nd3 Kd6 40. Ra6+ Bc6 41. Bg2 Ke7 42. Bf3 Kd8 43. Nf4 Ke7 44. e5 Bxf3+ 45. Kxf3 Rd7 46. e6 Rd4 47. Rxa7+ Ke8 48. Ne2 Rxb4 49. Nxc3 Rb3 50. Rxh7 Rxc3+ 51. Kf4 Rc5 52. h4 Kf8 53. Rf7+ Kg8 54. g4 Rd5 55. Rb7 Kf8 56. Ke4 Rc5 57. Kf4 Rd5 58. Rc7 Kg8 59. Ke4 Rd1 60. Ke5 Rh1 61. Kf6 Rxh4 62. Rc8+ Kh7 63. e7 1-0

[Event "Ricany op-A"]
[Site "Ricany"]
[Date "2018.08.30"]
[Round "7"]
[White "Skalicky, Tomas"]
[Black "Pycha, Patrik"]
[Result "1-0"]
[WhiteElo "2125"]
[BlackElo "2049"]
[PlyCount "107"]
[EventDate "2018.08.25"]
[EventType "swiss"]
[EventRounds "9"]
[EventCountry "CZE"]
[SourceTitle "EXT 2019"]
[Source "ChessBase"]
[SourceDate "2018.10.10"]
[SourceVersion "1"]
[SourceVersionDate "2018.10.10"]
[SourceQuality "1"]

1. d4 d5 2. c4 e6 3. Nf3 Nf6 4. g3 Bb4+ 5. Bd2 Be7 6. Bg2 0-0 7. 0-0 Nbd7 8. Nc3 c6 9. Qc2 b6 10. Bf4 Bb7 11. e4 dxe4 12. Nxe4 Nxe4 13. Qxe4 Nf6 14. Qe2 Bd6 15. Ne5 Rc8 16. Rad1 Re8 17. c5 Bb8 18. Bg5 h6 19. Bxf6 Qxf6 20. Nd7 Qd8 21. Nxb8 Rxb8 22. b4 Qc8 23. Qe4 Ba6 24. Rfe1 Bb5 25. a4 Bxa4 26. Ra1 Bb3 27. Qxc6 Qxc6 28. Bxc6 Red8 29. Rxa7 Rxd4 30. cxb6 Rxb6 31. b5 Bd5 32. Rc1 Rc4 33. Rd1 Rc5 34. Be8 f6 35. h4 Rb8 36. Bc6 h5 37. Bxd5 exd5 38. Re1 Rcxb5 39. Ree7 g5 40. Rg7+ Kf8 41. Rh7 Kg8 42. Rag7+ Kf8 43. hxg5 fxg5 44. Rxg5 d4 45. Rgxh5 Rb1+ 46. Kg2 R8b2 47. Rd5 Kg8 48. Rc7 Rb8 49. Rxd4 R1b2 50. Rg4+ Kh8 51. Rgc4 R8b3 52. Rc2 Rb1 53. Rc1 R1b2 54. R7c2 1-0

[Event "Ricany op-A"]
[Site "Ricany"]
[Date "2018.08.26"]
[Round "2"]
[White "Pycha, Patrik"]
[Black "Kulhanek, Tomas"]
[Result "0-1"]
[WhiteElo "2049"]
[BlackElo "2303"]
[PlyCount "88"]
[EventDate "2018.08.25"]
[EventType "swiss"]
[EventRounds "9"]
[EventCountry "CZE"]
[SourceTitle "EXT 2019"]
[Source "ChessBase"]
[SourceDate "2018.10.10"]
[SourceVersion "1"]
[SourceVersionDate "2018.10.10"]
[SourceQuality "1"]

1. e4 c5 2. Nc3 Nc6 3. g3 g6 4. Bg2 Bg7 5. Nge2 d6 6. a3 Rb8 7. Rb1 e6 8. b4 Nge7 9. 0-0 0-0 10. d3 Nd4 11. Nxd4 cxd4 12. Ne2 d5 13. Bb2 dxe4 14. dxe4 e5 15. c3 d3 16. Nc1 d2 17. Nb3 Bh6 18. c4 Be6 19. Bxe5 Bxc4 20. Bxb8 Bxf1 21. Bxf1 Qxb8 22. Qe2 Rd8 23. Rd1 Qc7 24. Qc4 Qxc4 25. Bxc4 Rc8 26. Be2 f5 27. e5 Rc2 28. f4 g5 29. Rxd2 Rxd2 30. Nxd2 gxf4 31. gxf4 Bxf4 32. Nc4 Kf7 33. Nd6+ Ke6 34. Nxb7 Kxe5 35. Nc5 Be3+ 36. Kg2 Bxc5 37. bxc5 Kd5 38. Kf3 Kxc5 39. Kf4 Kd5 40. Bd3 Ke6 41. Kg5 Ke5 42. h4 Ng8 43. h5 h6+ 44. Kg6 f4 0-1